000 00240 a2200097 4500
001 7130
100 _aDay, W.D
245 _aIntroduction to vector analysis for radio and electronic engineers
260 _a
_bIliffe
_c
090 _c5899
_d5899
942 _aNUST-CAE
_cM
_c32376
999 _c242203
_d242203